| 000 | 01113nac a22002891u 4500 | ||
|---|---|---|---|
| 010 | _a 74192881 | ||
| 020 | _a0859540103 : | ||
| 082 | 0 | 0 | _a664.53 |
| 090 |
_c3324 _d3324 |
||
| 100 | _a20080729 | ||
| 111 | 2 |
_aConference on Spices, _cLondon, _d1972. |
|
| 245 | 0 | 0 |
_aProceedings of the Conference on Spices, held at the London School of Pharmacy ... 10th-14th April 1972 / _c[organised by the] Tropical Products Institute. |
| 260 |
_aLondon : _bTropical Products Institute, _c1973. |
||
| 300 |
_a261 p. : _bill. ; _c30 cm. |
||
| 500 | _aOn cover: Spices. | ||
| 500 | _aAbstracts of papers in French. | ||
| 500 | _aDonations. | ||
| 500 | _aDonations - Bibliotheca Alexandrina. | ||
| 504 | _aIncludes bibliographies. | ||
| 650 | 0 |
_aSpices _xCongresses. |
|
| 650 | 0 |
_aSpice plants _xCongresses. |
|
| 650 | 0 |
_aSpice trade _xCongresses. |
|
| 710 | 2 | _aTropical Products Institute (Great Britain) | |
| 740 | _aSpices. | ||
| 942 |
_cBB _k664.53 |
||
| 999 |
_c3324 _d3324 |
||